00556nam a2200133Ia 4500008004100000020001800041100002000059245016600079260002700245650001300272856004500285999001900330952007300349171212s9999 xx 000 0 und d a9780833059369 aHosek, Susan D. cHosek, Susan D.aHealthcare Coverage and Disability Evaluation for Reserve Component PersonnelbResearch for the 11th Quadrennial Review of Military Compensation bRAND Corporationc2012 aBusiness uwww.jstor.org/stable/10.7249/j.ctt3fh01k c352136d352136 001040aCLbCLd2017-12-12l0r2017-12-12 00:00:00w2017-12-12yCBE